[Event "Enghien les Bains"]
[Site "Enghien les Bains"]
[Date "2003.06.15"]
[Round "3"]
[White "Lautier, Joel"]
[Black "Akopian, Vladimir Eduardovic"]
[Result "1-0"]
[WhiteElo "2666"]
[BlackElo "2703"]
[Annotator "Lautier,J"]
[PlyCount "79"]
[EventDate "2003.06.13"]
[EventType "tourn"]
[EventRounds "9"]
[EventCountry "FRA"]
[EventCategory "17"]
[SourceTitle "CBM 096"]
[Source "ChessBase"]
[SourceDate "2003.09.25"]
[SourceVersion "1"]
[SourceVersionDate "2003.09.25"]
[SourceQuality "1"]

1. d4 {Lutz} d5 2. c4 c6 3. Nf3 Nf6 4. Nc3 e6 5. e3 Nbd7 6. Bd3 dxc4 7. Bxc4 b5
8. Bd3 Bb7 9. e4 b4 10. Na4 c5 11. e5 Nd5 12. O-O h6 {'!?' Lutz. Lutz: 'Dieser
Zug ist eine seltene Alternative zu den scharfen Varianten nach 12...cxd4.
Schwarz nimmt das Feld g5 unter Kontrolle, fällt aber weiter in der
Entwicklung zurück.'} 13. Bd2 {Lutz: 'Weiß strebt sofortiges Spiel auf der
c-Linie an.'} a6 {'!?' Lutz. Lutz: 'Ein weiterer Bauernzug...'} (13... Rc8 $5 {
(Lutz) erscheint natürlicher, die schwarzen Ergebnisse waren danach zumindest
befriedigend.} 14. Rc1 (14. Qe2 Bc6 15. b3 Bxa4 16. bxa4 cxd4 17. Nxd4 Bc5 18.
Nb3 Be7 19. Bc4 O-O 20. Bxd5 exd5 21. Rad1 Nb6 22. a5 Na4 23. Qb5 Nb2 24. Rb1
Nc4 25. Bxb4 {1/2-1/2 Olafsson,H-Dorfman,J/Reykjavik 1993/CBM 35 (25)}) 14...
Be7 (14... cxd4 15. Nxd4 Rxc1 16. Bxc1 Qa5 17. Re1 a6 18. Bd2 g5 19. Qc2 Nf4
20. Be4 Bxe4 21. Rxe4 Bc5 22. Bxf4 gxf4 23. Nf3 Ke7 24. Rxf4 Rc8 25. Rc4 Bxf2+
26. Kxf2 Rxc4 27. Qxc4 Qxa4 28. Kg3 Qa5 29. h3 {1/2-1/2 Ribli,Z-Illescas
Cordoba,M/Groningen 1993/CBM 39 (29)}) 15. Qe2 (15. dxc5 Nxc5 16. Bb5+ Kf8 17.
Qe2 g6 {1/2-1/2 Petran,P-Lukacs,P/Budapest 1990/EXT 97 (17)}) 15... Qa5 (15...
g5 16. dxc5 {1/2-1/2 Alterman,B-Ribli,Z/Groningen 1993/CBM 39 (16)}) 16. dxc5
Bc6 17. b3 Nxc5 18. Nd4 Bd7 19. Nxc5 Bxc5 20. Qg4 g5 21. a4 Nc3 22. Nc2 Be7 {
1/2-1/2 Komarov,D-Giorgadze,G/Vendrell 1996/EXT 98 (22)}) 14. Rc1 cxd4 $6 $146
{'?!' Lutz. Lutz: 'Nachdem Schwarz ...h7-h6 und ...a7-a6 gespielt hat, nimmt
er nun doch auf d4. Das erscheint mir weder konsequent noch gut zu sein.'} (
14... Rc8 {Lutz: 'ist besser.'} 15. dxc5 {Lutz} Nxc5 (15... Qa5 16. Rc4 Nxc5
17. Nxc5 Rxc5 18. a3 Rxc4 19. Bxc4 Be7 20. axb4 Nxb4 21. Bc3 Qb6 22. Qd4 Bc5
23. Qg4 O-O 24. Bd2 Kh8 25. Qh5 Be4 26. h4 Nd3 27. Bxd3 Bxd3 28. b4 Bxf1 29.
Bxh6 gxh6 30. Qxh6+ Kg8 31. Qg5+ Kh7 {1/2-1/2 Cifuentes Parada,R-Lau,R/Antwerp
1993/EXT 97 (31)}) 16. Nxc5 Bxc5 17. Bxa6 Bxa6 18. Qa4+ Qd7 19. Qxa6 O-O 20.
Qe2 Qa4 21. Rc4 Qxa2 22. Rg4 h5 23. Rg3 g6 24. Bc1 Rc7 25. Nh4 Kh7 26. Qd2 Qc4
27. Nxg6 fxg6 28. Qh6+ Kg8 29. Rxg6+ Kf7 30. Rg7+ Ke8 31. Qxe6+ Be7 32. Qg6+
Kd8 33. Bg5 Bxg5 34. Qxg5+ Kc8 {1/2-1/2 Cifuentes Parada,R-Anand,V/Oviedo 1993/
CBM 38 ext (34)}) 15. Re1 $1 {'+/-' Lutz. Lutz: 'Jetzt wird es bereits
ungemütlich für Schwarz. Wie Joel Lautier in SCHACH 8/2003 schreibt, versank
Akopian hier in langes Nachdenken, ohne jedoch eine Lösung finden zu können.'}
(15. Qe2 $2 Qa5 $1) 15... Rc8 (15... Be7 $6 16. Nxd4 Qa5 (16... O-O {'?' Lutz.}
17. Qg4 Nxe5 (17... Kh8 18. Qe4 f5 19. Qf3 $18 {Lutz: '(Lautier) verdeutlicht
das schwarze Problem, sein König !'}) 18. Rxe5 Nf6 19. Qf4 Bd6 20. Nc5 $16) 17.
a3 (17. b3 Nc5 18. Nxc5 Bxc5 19. Bb5+ axb5 20. Rxc5 $16) 17... O-O 18. Qg4 $16)
(15... g5 {'!?' Lutz.} 16. Nxd4 Bg7 17. Nc5 Nxc5 18. Rxc5 O-O 19. Bb1 {Lutz:
'ist gemäß Lautier ebenfalls keine Lösung.'} (19. h4 Nf4) 19... Qb6 20. Qc2
Rfc8 21. Nb3 $14) 16. Rxc8 Qxc8 17. Nxd4 Nc5 18. Nxc5 Bxc5 (18... Qxc5 19. Qa4+
Kd8 20. Nb3 Qc6 (20... Qb6 21. Na5 $16) 21. Qa5+ (21. Qxc6 Bxc6 22. Bxa6 $16)
21... Qb6 22. Rc1 $16 {'|^' Lutz.}) 19. Qg4 Bxd4 (19... g6 $2 20. Rc1 $18) (
19... Bf8 20. Rc1 Qd7 21. Nb3 $16) 20. Qxd4 O-O (20... Qd7 21. Qg4 g6 22. Bf1 (
22. Bxb4 Nxb4 23. Qxb4 Qxd3 24. Qxb7 O-O $14) (22. a3 $5 bxa3 23. bxa3 $16)
22... Qe7 23. a3 $16) 21. Qe4 $1 {Lutz: 'Offensichtlich ist etwas schief
gelaufen bei Schwarz, dem König wird zugesetzt.'} (21. Qg4 f5 22. exf6 Rxf6 $14
) (21. Bxb4 Nxb4 (21... Rd8 $2 22. Bd6 $18) 22. Qxb4 Rd8 23. Bf1 Qc7 $16) 21...
f5 22. exf6 Rxf6 (22... Nxf6 $2 23. Qg6 Qe8 24. Bxb4 $18) 23. Qh7+ Kf7 (23...
Kf8 $2 24. Bg6 Ne7 25. Qh8+ Ng8 26. Bxb4+ $18) 24. Be2 $1 {Lutz: 'Ein starke
Umgruppierung, der Läufer kann nun über g4 und h5 eingreifen.'} Qf8 (24... Rf5
25. Bxh6 Qg8 26. Qxg8+ Kxg8 27. Bd2 $18) 25. Bg4 $1 a5 (25... Ke7 26. Qe4 Qc8
27. Rc1 Qd7 (27... Qd8 28. Bxb4+ $18) 28. Qh7 $18) 26. a3 $1 $18 {Lutz: 'Weiß
öffnet alle Linien.'} (26. Bxe6+ $2 Rxe6 27. Qf5+ Rf6 28. Qd7+ Kg6 29. Qxb7 Qc5
$14) 26... Ke7 27. h3 (27. axb4 axb4 28. Qe4 Qc8 29. Bh5 $1 $18 {'!' Lutz.
Lutz: 'nebst Bxb4 (Lautier)'}) 27... Rxf2 (27... Qf7 28. axb4 axb4 29. Qe4 $18)
28. Rxe6+ (28. Bxe6 $4 Ne3 $1 $19) (28. Qe4 Kd8 29. Rd1 Rf6 30. axb4 axb4 31.
Bxb4 Qf7 32. Bc3 $18) 28... Kd8 29. Qd3 Rf6 (29... Kc7 $2 30. Qg3+) 30. Qb5 {
Lutz: 'Der einfachste Weg. Weiß erobert Material.'} Rxe6 31. Bxe6 Qd6 32. Qxb7
Qxe6 33. Qxg7 h5 34. Qg5+ Kc7 35. Qxh5 Qe4 (35... Qb6+ 36. Kh1 Qd4 37. Be1 $18)
36. Qh8 (36. Qf3 Qd4+ 37. Qf2 $18) 36... Qd3 37. Bg5 bxa3 38. bxa3 Qxa3 $2 $138
39. Qd8+ Kc6 40. Qa8+ {Lutz: 'Ein hübsches geometrisches Motiv zum Abschluss
einer energisch geführten Partie. Nach 40...Kc5 oder 40..Kd6 gewinnt 41.Qf8+
die schwraze Dame, ansonsten verliert Schwarz den Springer.'} 1-0

[Event "USA-ch"]
[Site "Saint Louis"]
[Date "2012.05.11"]
[Round "4"]
[White "Shulman, Yuri"]
[Black "Stripunsky, Alexander"]
[Result "1/2-1/2"]
[WhiteElo "2571"]
[BlackElo "2562"]
[Annotator "Let's Check"]
[PlyCount "153"]
[EventDate "2012.05.08"]
[EventType "tourn"]
[EventRounds "11"]
[EventCountry "USA"]
[EventCategory "16"]
[SourceTitle "CBM 149"]
[Source "ChessBase"]
[SourceDate "2012.07.17"]
[SourceVersion "1"]
[SourceVersionDate "2012.07.17"]
[SourceQuality "1"]

1. d4 d5 2. c4 c6 3. Nf3 Nf6 4. Nc3 e6 5. e3 Nbd7 6. Bd3 dxc4 7. Bxc4 b5 8. Bd3
Bd6 9. O-O O-O 10. b3 Bb7 11. Bb2 Qb8 12. Rc1 Rd8 13. h3 h6 14. Qc2 a6 15. Ne4
Nxe4 16. Bxe4 Qa7 17. Rfd1 Nf6 18. Bd3 Rac8 19. Qe2 Qa8 20. Bb1 Be7 21. Ne1 c5
22. dxc5 Rxd1 23. Qxd1 Rxc5 24. Rxc5 Bxc5 25. Bxf6 gxf6 26. Qc2 Qc8 27. Qh7+
Kf8 28. Qxh6+ Ke7 29. e4 Qd8 30. Qc1 Qd4 $1 31. Qf4 Bb6 32. Bc2 Qc3 33. Kf1 e5
34. Qf3 Qa1 35. a4 Bc6 36. Qd1 Qb2 37. axb5 axb5 38. Qd2 Bc5 39. Ke2 Qa1 40.
Nd3 Bd4 41. Nb4 Qa8 42. Nxc6+ Qxc6 43. Bd3 Qc5 44. Kf3 Kf8 45. g3 Kg7 46. Kg2
Qa3 47. Bc2 Qb2 48. h4 Qc3 49. Qe2 b4 50. Bd1 Kf8 51. h5 Qc1 52. Qf3 Kg7 53.
Be2 Qg5 54. Bc4 Kf8 55. Qd1 Kg7 56. f4 $1 Qh6 57. Qg4+ Kf8 58. Kf3 Ke7 59. Bb5
Qh8 60. Qd7+ Kf8 61. Qc8+ Kg7 62. Qg4+ Kf8 63. Ke2 Ke7 $4 (63... Qh7 64. Kf3
exf4 $16) 64. Qd7+ $18 Kf8 65. Qc8+ $4 (65. g4 Qh7 66. Kd3 $18) 65... Kg7 $14
66. Qg4+ Kh6 67. Qf5 Qg7 68. Kf3 exf4 69. Qxf4+ Qg5 70. Bc4 Qxf4+ 71. Kxf4 Kxh5
72. Kf5 Kh6 73. Bxf7 Kg7 74. Bc4 Bc3 75. g4 Bd2 76. Bd5 Bc1 77. Bc6 1/2-1/2

[Event "CRO-ch 12th"]
[Site "Opatija"]
[Date "2012.01.17"]
[Round "1"]
[White "Kozul, Zdenko"]
[Black "Bosiocic, Marin"]
[Result "0-1"]
[WhiteElo "2601"]
[BlackElo "2580"]
[Annotator "Let's Check"]
[PlyCount "52"]
[EventDate "2012.01.17"]
[EventType "tourn"]
[EventRounds "11"]
[EventCountry "CRO"]
[EventCategory "13"]
[SourceTitle "CBM 147"]
[Source "ChessBase"]
[SourceDate "2012.03.16"]
[SourceVersion "1"]
[SourceVersionDate "2012.03.16"]
[SourceQuality "1"]

1. d4 d5 2. c4 c6 3. e3 Nf6 4. Nc3 e6 5. Nf3 Nbd7 6. Bd3 dxc4 7. Bxc4 b5 8. Bd3
Bd6 9. b3 O-O 10. Bb2 Bb7 11. O-O a6 12. a4 b4 13. Ne4 Nxe4 14. Bxe4 f5 15. Bd3
Qf6 16. Qe2 Qh6 17. a5 c5 18. Rfc1 cxd4 19. exd4 Rf6 20. Ne5 Nxe5 21. dxe5 Rg6
22. f3 Bb8 23. Kh1 Ba7 24. Rc4 Bd5 25. Bc1 Qh5 26. Rxb4 $2 (26. Rf4 Rh6 27. h3
$11) 26... Bxf3 $1 $19 0-1

[Event "EU-chT (Men) 13th"]
[Site "Leon"]
[Date "2001.11.11"]
[Round "6.2"]
[White "Lautier, Joel"]
[Black "Pelletier, Yannick"]
[Result "1-0"]
[WhiteElo "2653"]
[BlackElo "2545"]
[Annotator "Lutz,C"]
[PlyCount "79"]
[EventDate "2001.11.06"]
[EventType "team-swiss"]
[EventRounds "9"]
[EventCountry "ESP"]
[SourceTitle "CBM 086"]
[Source "ChessBase"]
[SourceDate "2002.02.05"]
[SourceVersion "1"]
[SourceVersionDate "2002.02.05"]
[SourceQuality "1"]
[WhiteTeam "France"]
[BlackTeam "Switzerland"]
[WhiteTeamCountry "FRA"]
[BlackTeamCountry "SUI"]

1. d4 d5 2. c4 c6 3. Nc3 Nf6 4. e3 e6 5. Nf3 Nbd7 6. Bd3 dxc4 7. Bxc4 b5 8. Bd3
Bb7 9. e4 b4 10. Na4 c5 11. e5 Nd5 12. O-O cxd4 13. Re1 g6 14. Bg5 Qa5 15. Nxd4
(15. Nd2 $5 {Jussupow,A-Dominguez,L/Yerevan 2001/CBM 86/[Lutz] (32)}) 15... a6
16. a3 (16. Rc1 Bg7 17. Nc6 Bxc6 18. Rxc6 O-O 19. Bc4 h6 (19... N5b6 20. Nxb6
Nxb6 21. Bb3 Rfc8 22. Rxc8+ Rxc8 23. Qd4 Qb5 24. h4 $10 {Piket,J-Anand,V/
Dortmund 1992/CBM 29/[Ftacnik] (31)}) 20. Bxd5 Qxd5 21. Qxd5 exd5 22. Bf6 Nxe5
$3 23. Bxe5 (23. Rxe5 {Ftacnik} Rfc8 24. Bxg7 Rxc6 25. Bxh6 g5 26. Bxg5 f6 27.
Rxd5 Re8 28. h4 fxg5 $13) 23... Rae8 24. f4 f6 25. Nb6 fxe5 26. Nxd5 exf4 27.
Rxe8 Rxe8 28. Rxg6 Kh7 29. Rxa6 Re2 $1 30. Kf1 $1 Rxb2 31. Nxf4 {1/2-1/2 Piket,
J-Kramnik,V/Amsterdam 1993/CBM 35/[Ftacnik] (31)}) 16... bxa3 17. bxa3 Bg7 18.
Rb1 (18. Bd2 Qd8 19. Nf3 O-O 20. Rc1 Rc8 21. Qe2 Rxc1 22. Rxc1 Qe7 {1/2-1/2
Vaganian,R-Kramnik,V/Moscow 1991/TD (22)}) 18... Rb8 19. Bd2 Qd8 20. Rxb7 {
Dieses Opfer ist nicht so offensichtlich, ist aber bereits als "Theorie"
bekannt.} Rxb7 21. Bxa6 Qa8 (21... Rc7 22. Ba5) 22. Bxb7 Qxb7 {Bislang dachte
man, dass Schwarz trotz des Minusbauern gut steht, da die weißen Figuren
unkoordiniert sind und die Bauern auf a3 und e5 Schwächen darstellen.} 23. Nf3
(23. Bb4 Nxb4 24. axb4 Qxb4 25. Nc6 Qb7 26. Qd6 Bf8 27. Nc5 Bxd6 28. Nxb7 Bc7
29. Nd6+ Kf8 $1 (29... Bxd6 30. exd6 O-O 31. Ra1 Nb8 32. Na7 Rd8 33. Nb5 $36 {
1-0 Pinter,J-Kaidanov,G/Budapest 1989/TD (53)}) 30. Ra1 Nxe5 $1 31. Ra8+ Kg7
32. Rxh8 Nxc6 33. Rc8 Bxd6 34. Rxc6 Bf4 35. g4 f5 36. h3 fxg4 37. hxg4 Kf6 38.
Kg2 h5 39. Kf3 Bb8 {1/2-1/2 Illescas Cordoba,M-Kramnik,V/Madrid 1993/CBM 36/
[Ftacnik] (39)}) 23... O-O 24. Nc3 Ra8 25. Qc1 $146 {Erst dieser Zug stellt
eine Neuerung dar.} (25. Qa1 N5b6 26. Bf4 {1/2-1/2 Dorfman,J-Novikov,I/Lvov
1988/CBM 07 (26)}) 25... Bf8 (25... N5b6 $5) 26. Nxd5 Bxa3 (26... Qxd5 27. Bb4)
27. Qc7 Qxd5 28. Ra1 $14 {Schwarz hat zwar den Bauern zurückgewonnen, aber
seine Figuren haben sich verknotet. Daher muss er noch gewisse Probleme
überwinden.} Kg7 {Mit der Idee ...Bd6.} 29. Be1 (29. h3 Bd6 30. Bh6+ $5 Kxh6
31. Qc1+ Kg7 32. Rxa8 Qxa8 33. exd6 $14 {ist etwas besser für Weiß, würde aber
auch die Spannung lösen.}) 29... h6 30. h3 Nf8 $6 {Dieser Zug erscheint mir
falsch. Schwarz öffnet die 7.Reihe und stellt seinen Springer passiv.} (30...
Ra4 $5 {erscheint mir besser, z.B.} 31. Bd2 Bd6 32. Bxh6+ Kh7 33. Qc1 Rxa1 34.
Qxa1 Nxe5 $11) 31. Bd2 Bb2 (31... Ra4 {wird elegant widerlegt durch} 32. Rxa3
$1 Rxa3 33. Bxh6+ Kg8 (33... Kxh6 34. Qc1+ $16) 34. Qe7 Ra8 (34... Ra1+ 35. Kh2
Nd7 36. Ng5 Qxe5+ 37. g3 $18) 35. Qf6 $18) (31... Qd7 32. Qxd7 Nxd7 33. Bc1
Bxc1 34. Rxa8 $18) 32. Rb1 Qa2 33. Re1 Nh7 (33... Qd5 $5) 34. h4 Ba3 35. Be3
Bf8 36. Rd1 Qa5 $5 {Lässt einen Opfereinschlag zu, den die schwarze Stellung
aber eigentlich aushalten sollte.} (36... Kg8 $5 37. Rd7 (37. Kh2 Qa5) 37...
Qb1+ 38. Kh2 Qf5 39. Rd4 g5 $14) 37. Bxh6+ $5 Kxh6 (37... Kg8 38. Qxa5 Rxa5 39.
Rd8 $18 {/\ Ng5}) 38. Qxf7 Rd8 $2 (38... Ra7 {ist der einzige Weg, um die
Besetzung der 7.Reihe durch den weißen Turm zu verhindern.} 39. Qxe6 $13 {
Die Stellung ist ziemlich unklar.}) 39. Rb1 $18 {Jetzt gibt es keine
Verteidigung gegen Rb7.} Bc5 40. Rb7 1-0

[Event "Mondariz GEMA m"]
[Site "Mondariz"]
[Date "2001.12.28"]
[Round "2"]
[White "Sokolov, Ivan"]
[Black "Vallejo Pons, Francisco"]
[Result "1-0"]
[WhiteElo "2658"]
[BlackElo "2630"]
[Annotator "Lutz,C"]
[PlyCount "80"]
[EventDate "2001.12.26"]
[EventType "match"]
[EventRounds "8"]
[EventCountry "ESP"]
[SourceTitle "CBM 087"]
[Source "ChessBase"]
[SourceDate "2002.03.21"]
[SourceVersion "1"]
[SourceVersionDate "2002.03.21"]
[SourceQuality "1"]

1. d4 d5 2. c4 c6 3. Nf3 Nf6 4. Nc3 e6 5. e3 Nbd7 6. Bd3 dxc4 7. Bxc4 b5 8. Bd3
b4 9. Ne4 Be7 10. Nxf6+ Nxf6 11. e4 Bb7 12. Be3 $5 $146 {Eine interessante
Neuerung. Weiß schiebt zunächts einmal die kurze Rochade auf, ähnlich zu 12.
Qe2.} (12. O-O {würde zu den Normalvarianten führen.}) (12. Qe2 $5 Nd7 {
Schwarz streut erst einmal einen prophylaktischen Zug ein.} (12... O-O $6 {
ist zu gefährlich:} 13. e5 Nd7 14. Qe4 $1 g6 15. h4 $1 Re8 16. h5 Nf8 17. hxg6
fxg6 18. Bh6 Qd7 19. Qg4 c5 20. Bxf8 Bxf3 21. Qxf3 Bxf8 22. dxc5 Bxc5 23. O-O-O
$1 $18 {1-0 Lautier,J-Gurevich,M/Dordrecht 2001/CBM 82/[McShane] (34)}) 13. O-O
O-O 14. Rd1 (14. Be3 $5 c5 $5 (14... Rc8 $5) 15. Rfd1 cxd4 16. Nxd4 $14 {
1/2-1/2 Vaganian,R-Gurevich,M/Moscow 2001/CBM 86/[Lutz] (70)}) 14... Rc8 15.
Be3 Qc7 16. Rac1 (16. Ba6 Qb6 17. Bxb7 Qxb7 18. Rac1 c5 19. dxc5 Nxc5 20. e5
Na4 21. Bg5 h6 22. Bxe7 Qxe7 $11 {0-1 Levin,F-Antunes,A/Sevilla 1994/TD (49)})
16... Qb8 17. Ba6 (17. Nd2 c5 18. Nb3 cxd4 19. Bxd4 h6 20. Bb5 Rxc1 21. Rxc1
Rd8 22. f3 Bd6 23. g3 Be5 24. Bf2 Bf6 25. Kg2 Ne5 26. Nc5 g5 $13 {1/2-1/2
Gabriel,C-Hansen,C/Germany 1998/GER-chT (39)}) 17... Rfd8 18. h3 h6 19. Bxb7
Qxb7 $11 {1/2-1/2 Tkachiev,V-Gurevich,M/Cannes 2001/CBM 82/[Lutz] (34)}) 12...
O-O (12... Nd7 $5 {liegt auf der Hand. Weiß muss dann nicht unbedingt seine
Dame nach e2 stellen, aber andererseits sehe ich auch kein besseres Feld für
die Dame.}) 13. e5 Nd5 $6 {Natürlich ist es verlockend, mit Tempo den Springer
nach d5 zu spielen. Allerdings hat der Springer auf d5 (im Vergleich zu d7)
auch Nachteile: Die Diagonale des Bb7 wird versperrt und Schwarz hat keinen
Druck gegen den Pe5, so dass Weiß freie Hand hat.} (13... Nd7 $5 {sieht besser
aus.} 14. Qc2 h6 $1 $13 (14... g6 $2 15. h4 $40)) 14. Bd2 Qb6 15. Qe2 {Ähnlich
zur Partie Lautier-Gurevich (s.o.) strebt Weiß einen direkten Angriff am
Königsflügel an.} c5 16. dxc5 Qxc5 17. h4 $1 $40 Nb6 18. Rc1 Qd5 19. Rc7 $1 {
Mit diesem Zug leitet Weiß eine glänzende Kombination vor.} Bd8 20. Ng5 $1 {
Mit der Doppeldrohung 21.Bxh7+ und 21.Be4.} Qxg2 (20... h6 21. Bh7+ Kh8 22. Be4
Qxe4 23. Nxe4 Bxc7 $16) 21. Bxh7+ Kh8 22. Qh5 {Beide Türme hängen, aber Matt
geht vor!} Qxh1+ 23. Ke2 Bxg5 (23... Ba6+ 24. Bd3+ $1) 24. Be4+ $1 (24. Bxg5 $2
Qf3+ $19) 24... Bh6 25. Bxh1 Bxh1 26. Bxh6 Nd5 (26... gxh6 27. Qxh6+ Kg8 28.
Rc1 Be4 29. Rg1+ Bg6 30. h5 $18) 27. Rc4 $6 {Danach zieht sich das Ende der
Partie noch etwas hin.} (27. Qg5 $1 {gewinnt schneller:} gxh6 28. Qxh6+ Kg8 29.
Rc1 Be4 30. Rg1+ Bg6 31. Rxg6+ fxg6 32. Qxg6+ Kh8 33. Qh6+ Kg8 34. Qxe6+ $18)
27... Rfc8 28. Bg5+ Kg8 29. Qg4 Rxc4 30. Qxc4 a5 31. f3 a4 32. Kf2 a3 33. b3
Ra7 (33... Nc3 $5 34. Qxb4 Nxa2 35. Qb7 (35. Qe1 $2 Nb4 $1) 35... Re8 36. Qa6
$18) 34. Qc1 Rc7 35. Qxh1 f6 36. exf6 gxf6 37. Bh6 Rc2+ 38. Kg3 Nc3 39. h5 Rxa2
40. Kh4 Ne2 1-0

[Event "American Continental 2nd"]
[Site "Buenos Aires"]
[Date "2003.08.29"]
[Round "11"]
[White "Kaidanov, Gregory S"]
[Black "Vasquez Schroder, Rodrigo Rafael"]
[Result "1/2-1/2"]
[WhiteElo "2638"]
[BlackElo "2514"]
[Annotator "Lutz,C"]
[PlyCount "50"]
[EventDate "2003.08.17"]
[EventType "swiss"]
[EventRounds "11"]
[EventCountry "ARG"]
[SourceTitle "CBM 097"]
[Source "ChessBase"]
[SourceDate "2003.11.11"]
[SourceVersion "1"]
[SourceVersionDate "2003.11.11"]
[SourceQuality "1"]

1. d4 d5 2. c4 c6 3. Nf3 Nf6 4. Nc3 e6 5. e3 Nbd7 6. Bd3 dxc4 7. Bxc4 b5 8. Bd3
Bb7 9. O-O b4 10. Ne4 Be7 11. Nxf6+ Nxf6 12. e4 O-O 13. e5 Nd7 14. Be4 Rb8 15.
a3 $5 bxa3 16. b4 $5 {Milovs Idee. Gestützt auf ein mögliches Läuferopfer auf
h7 will Weiß das befreiende ...c6-c5 unterbinden.} h6 $5 {Dieser Zug ist
spielbar, aber die spannendere Frage ist: Was hatte Kaidanov gegen 16...f5!
vorbereitet ? Nach 16...f5! ist nämlich ein weißer Vorteil bislang nicht
nachgewiesen worden.} (16... a5 $2 17. bxa5 Qxa5 18. Bxa3 $1 (18. Bxh7+ $2 {
Milov,V} Kxh7 19. Rxa3 Bxa3 20. Ng5+ Kh6 $19) 18... Bxa3 $2 (18... Qd8 19. Bxe7
Qxe7 20. Ra7 $16 {1/2-1/2 Milov,V-Hansen,C/Essen 2000/CBM 77/[Milov,V] (50)})
19. Bxh7+ $1 $18 {1-0 Kasimdzhanov,R-Lesiege,A/Istanbul 2000/EXT 2001/[Lutz] 
(24)}) (16... f5 $1 $11 17. Bd3 (17. exf6 Nxf6 {und nun hängt der Pb4 wirklich.
}) 17... Nb6 {Durch ...f7-f5 sind die weißen Angriffsaussichten am
Königsflügel zunichte gemacht worden und der Zugang zum Feld e4 bleibt
verwehrt. Zwar kommt Schwarz nicht zu ...c6-c5, aber die weißen Bauern b4 und
d4 sind schwach und das Feld d5 ist fest in schwarzer Hand.} 18. Bxa3 Nd5 19.
Bc4 Qd7 (19... Qb6 20. Qd3 Rfd8 21. Rfb1 h6 22. Rb3 Kh8 23. Rab1 Nc7 24. h3 Nd5
25. Kh2 Bc8 26. Qd1 Qc7 27. Kg1 Rb6 28. Ne1 Ba6 29. Bc1 {1/2-1/2 Khalifman,
A-Bareev,E/Dortmund 2000/CBM 78 (29)}) 20. Qd2 Rfd8 21. Rfb1 Ba8 $11 {0-1
Tkachiev,V-Fressinet,L/Enghien les Bains 2001/CBM 83/[Lutz] (43)}) (16... Bxb4
$2 17. Bxh7+ $1) 17. Bd2 $146 (17. Bb1 $5 Bxb4 (17... Re8 $2 18. Qd3 Nf8 19.
Bxa3 $16 {1-0 Avrukh,B-Vera,R/Istanbul 2000/EXT 2001/[Lutz] (40)}) 18. Qd3 (18.
Qc2 f5) 18... f5 19. exf6 Nxf6 $13) (17. Bxa3 c5 $1 18. Bxb7 cxb4 $1 19. Bxb4
Rxb7 $13) 17... c5 $5 {Schwarz bringt ein interessantes Figurenopfer. Als
Ausgleich für den Läufer erhält er drei Freibauern am Damenflügel.} (17... f5
$5) 18. Bxb7 cxb4 {Weiß kann nicht darauf hoffen, die schwarzen Bauern am
Damenflügel irgendwie erobern zu können. Er muss daher schnell versuchen, am
Königsflügel einen Angriff zu initiieren.} 19. Be4 (19. Ba6 b3 20. Bc4 b2 21.
Rb1 Nb6 22. Ba2 Nd5) 19... b3 20. Qe2 Nb6 21. h4 Qd7 22. Bd3 {Weiß bereitet
Qe4 vor, Schwarz muss diese Umgruppierung verhindern.} Qd5 {Andererseits kommt
Weiß auch nicht anders weiter, daher erscheint die folgende Zugwiederholung
und der Remisschluss zwangsläufig.} 23. Be4 Qd7 24. Bd3 Qd5 25. Be4 Qd7 1/2-1/2

[Event "Dos Hermanas-A"]
[Site "Dos Hermanas"]
[Date "2005.04.08"]
[Round "8"]
[White "Illescas Cordoba, Miguel"]
[Black "Dreev, Alexey"]
[Result "1/2-1/2"]
[WhiteElo "2633"]
[BlackElo "2705"]
[Annotator "Lutz,C"]
[PlyCount "50"]
[EventDate "2005.04.01"]
[EventType "tourn"]
[EventRounds "9"]
[EventCountry "ESP"]
[EventCategory "16"]
[SourceTitle "CBM 107"]
[Source "ChessBase"]
[SourceDate "2005.08.01"]
[SourceVersion "1"]
[SourceVersionDate "2005.08.01"]
[SourceQuality "1"]

1. d4 d5 2. c4 c6 3. Nf3 Nf6 4. Nc3 e6 5. e3 Nbd7 6. Bd3 dxc4 7. Bxc4 b5 8. Bd3
Bb7 9. e4 b4 10. Na4 c5 11. e5 Nd5 12. O-O cxd4 13. Nxd4 (13. Re1 {war in der
letzten Zeit beliebter.}) 13... Nxe5 14. Bb5+ Nd7 15. Re1 {Weiss hat in dieser
Variante zwar alle möglichen Opferideen, aber vom theoretischen Standpunkt hat
Schwarz nichts zu befürchten.} Rc8 16. Qh5 g6 17. Qe2 a6 18. Bc4 $5 $146 (18.
Bxa6 Bxa6 19. Qxa6 Bg7 20. Bg5 Nc7 21. Qa5 (21. Qb7 Rb8 22. Bxd8 Rxb7 23. Bxc7
Rxc7 24. Nb5 Rc2 25. Rac1 Rxc1 26. Rxc1 O-O $10 {Vyzhmanavin,A-Novikov,I/
Moscow/1990/ ->TD90_02}) 21... Ra8 22. Bxd8 Rxa5 23. Bxc7 Rxa4 24. Red1 Nf6 25.
Be5 (25. Nc6 {Ftacnik} Nd5 26. Be5 Bxe5 27. Nxe5 O-O $15) 25... O-O $15 {
0-1 Sokolov,I-Chernin,A/Wijk aan Zee 1991/CBM 22/[Ftacnik] (64)}) (18. Nxe6 $6
fxe6 19. Qxe6+ Be7 20. Bxa6 Bxa6 21. Qxa6 Qc7 22. Bg5 Qc6 23. Qd3 Kf7 24. Rac1
Ne5 25. Qh3 Nc3 26. Rxe5 Bxg5 27. Rce1 Bf6 28. Rc5 Rce8 29. Rc1 Qxa4 30. bxc3
bxc3 31. Rc7+ Re7 32. Rxe7+ Kxe7 33. Rb1 Qe4 {0-1 Yevseev,D-Dreev,A/Novgorod
1999/CBM 69 ext (33)}) 18... Rxc4 {Mit dem Qualitätsopfer eliminiert Schwarz
radikal alle Opferdrohungen. Für die Qualität erhält er einen Bauern, hat
einen festen Halt im Zentrum und der Na4 spielt nicht mit.} (18... Bg7 $2 19.
Nxe6) (18... Be7 19. Bh6 $5) 19. Qxc4 Qh4 20. b3 Bd6 21. Nf3 Qxc4 22. bxc4 N5f6
{Auch ohne Damen hat Schwarz genügend Spiel.} 23. Nd4 Ke7 24. Bb2 Rc8 25. Rac1
Ne4 (25... Ne4 26. Nb3 Bf4 27. Rc2 Bc6 28. c5 Bd5 $44) 1/2-1/2